|
|
|
|
| LEADER |
00000nam a22000007a 4500 |
| 005 |
2016050301411.0 |
| 007 |
cr|||| ||u| |
| 008 |
160503s2016 sp ||||| |||| 00||0 spa d |
| 020 |
|
|
|a 978-84-9086-907-9
|
| 035 |
|
|
|a 14195
|
| 040 |
|
|
|a vLex
|
| 090 |
|
|
|c 6055
|d 6055
|
| 100 |
1 |
|
|a Cousido Gonzl̀ez, Mara̕ Pilar
|
| 245 |
1 |
0 |
|a Libro blanco sobre gestin̤ de oficinas de transparencia. Procedimientos y casos de estudio para universidades pb︢licas
|h [Recurso electrn̤ico] /
|c Mara̕ Pilar Cousido Gonzl̀ez
|
| 256 |
|
|
|a Servicio en ln̕ea
|
| 260 |
|
|
|a Espaą
|b Instituto Nacional de Administracin̤ Pb︢lica (INAP)
|c 2016
|
| 300 |
|
|
|a 1 recurso electrn̤ico
|
| 500 |
|
|
|a La completa entrada en vigor de la Ley de Transparencia, el 10 de diciembre de 2015, enfrenta a todas las Administraciones Pb︢licas de Espaą con la necesidad de gestionar eficientemente las Oficinas y los Portales de Transparencia. Esta obra proporciona a los responsables de Oficinas de Transparencia Id de Unidades Productoras de informacin̤ un protocolo de procedimientos, un test de daǫs y un test de interš pb︢lico por cada uno de los lm̕ites que justificara̕n legalmente la denegacin̤ del acceso a informacin̤ pb︢lica solicitado. Las veinte respuestas estǹdar elaboradas como modelo aplicable a cualquier solicitud de acceso tienen en cuenta los supuestos legales de desestimacin̤, de inadmisin̤ y de denegacin̤ total o parcial de acceso. El enfoque jurd̕ico, que inclulde una comparativa entre la Leld estatal y las 12 Leyes Autonm̤icas de Transparencia existentes, se completa con el tčnico-documental y el de management o gestin̤. El Derecho Comparado permite presentar; en esta obra pionera, una inspiradora Doctrina Uniforme, que puede ser de utilidad tanto para el Consejo de Transparencia y Buen Gobierno de Espaą o sus pares autonm̤icos, como para abogados Id comunicadores institucionales que hagan de la transparencia su principio de actuacin̤, su ln̕ea de negocio o su instrumento de trabajo.
|
| 506 |
1 |
|
|a Contenido solo disponible en los productos indicados
|d vLex Global
|d vLex Global (Academic Edition, excluding Law Schools)
|d vLex Global (U.S. Academic Edition, Law Schools)
|d vLex Global (U.S. Academic Edition, excluding Law Schools)
|d vLex Global (Academic Edition, Law Schools)
|
| 650 |
0 |
4 |
|a Derecho
|z Espaą
|
| 740 |
0 |
|
|a vLex libros (servicio en ln̕ea)
|
| 856 |
4 |
0 |
|u http://vlex.com/source/libro-blanco-sobre-gestion-de-oficinas-de-transparencia-procedimientos-y-casos-de-estudio-para-universidades-publicas-14195
|z Acceso restringido
|
| 942 |
|
|
|c BOOK
|
| 999 |
0 |
|
|a Law
|b Espaą
|